[Event "WchT Seniors 65"]
[Site "Prague"]
[Date "2020.03.06"]
[Round "1.11"]
[White "Hammar, Bengt Erik"]
[Black "Andersson, Erik"]
[Result "1-0"]
[WhiteElo "2142"]
[BlackElo "1607"]
[PlyCount "57"]
[EventDate "2020.03.06"]
[EventType "team-swiss"]
[EventRounds "7"]
[EventCountry "CZE"]
[SourceTitle "CBM 195 Extra"]
[Source "ChessBase"]
[SourceDate "2020.05.31"]
[SourceVersion "1"]
[SourceVersionDate "2020.05.31"]
[SourceQuality "1"]
[WhiteTeam "Sweden 65"]
[BlackTeam "Sweden 65 V"]
[WhiteTeamCountry "SWE"]
[BlackTeamCountry "SWE"]

1. e4 c6 2. d4 d5 3. exd5 cxd5 4. c4 Nf6 5. Nc3 e6 6. Nf3 Be7 7. Bd3 dxc4 8. Bxc4 0-0 9. 0-0 a6 10. a4 Qc7 11. Qe2 h6 12. Ne5 Nc6 13. Rd1 Bd6 14. f4 Nb4 15. Bb3 Nbd5 16. Nxd5 exd5 17. Qd3 Re8 18. Be3 g6 19. Rac1 Qe7 20. Bf2 Bf5 21. Qf3 Be4 22. Qh3 Kg7 23. Bh4 Bf5 24. Qf3 Be4 25. Qf2 Qe6 26. h3 h5 27. Rc3 Ng8 28. Re3 Ne7 29. Rxe4 1-0

[Event "Dublin Irish New Year IM1"]
[Site "Dublin"]
[Date "2020.01.04"]
[Round "5"]
[White "Hammar, Bengt Erik"]
[Black "Venkatesan, Kavin"]
[Result "1/2-1/2"]
[WhiteElo "2175"]
[BlackElo "1815"]
[PlyCount "117"]
[EventDate "2020.01.02"]
[EventType "tourn"]
[EventRounds "9"]
[EventCountry "IRL"]
[SourceTitle "CBM 194 Extra"]
[Source "ChessBase"]
[SourceDate "2020.03.31"]
[SourceVersion "1"]
[SourceVersionDate "2020.03.31"]
[SourceQuality "1"]

1. e4 c5 2. Nf3 d6 3. d4 cxd4 4. Nxd4 Nf6 5. Nc3 a6 6. Bg5 e6 7. f4 Nbd7 8. Qf3 Be7 9. Bc4 0-0 10. a3 Qc7 11. Ba2 b5 12. Rd1 Bb7 13. f5 e5 14. Bxf6 Nxf6 15. Nde2 a5 16. Bb3 b4 17. axb4 axb4 18. Nd5 Bxd5 19. exd5 Nd7 20. 0-0 Nc5 21. Ng3 f6 22. Kh1 Bd8 23. Ra1 Qb7 24. Bc4 Rf7 25. b3 Qb8 26. Rxa8 Qxa8 27. Bb5 Qb8 28. Bc6 Ra7 29. Qg4 Ba5 30. h4 Qc7 31. Qc4 h6 32. Ra1 Qb8 33. Qg4 Qc7 34. Nh5 Kh8 35. Re1 Qf7 36. Re3 Rc7 37. Rg3 Ne4 38. Rf3 Nc3 39. Rd3 Ra7 40. Ng3 Re7 41. Ne4 Nxe4 42. Qxe4 Qh5 43. Rf3 Ra7 44. Rf1 Bb6 45. Ba4 Bd4 46. g3 Ra5 47. Kg2 Rc5 48. Rf3 Qf7 49. Bc6 Qa7 50. Ba4 Qc7 51. Bc6 Qa7 52. Ba4 Qc7 53. Bc6 Qa5 54. Kh3 Qa2 55. Rd3 Bc3 56. Qg4 Qxc2 57. Qg6 Qxd3 58. Qe8+ Kh7 59. Qg6+ 1/2-1/2

[Event "WchT Seniors 65"]
[Site "Dresden"]
[Date "2018.07.15"]
[Round "9.6"]
[White "Van Herck, Marcel"]
[Black "Hammar, Bengt Erik"]
[Result "0-1"]
[WhiteElo "2008"]
[BlackElo "2159"]
[PlyCount "50"]
[EventDate "2018.07.07"]
[EventType "team-swiss"]
[EventRounds "9"]
[EventCountry "GER"]
[SourceTitle "CBM 185 Extra"]
[Source "ChessBase"]
[SourceDate "2018.07.29"]
[SourceVersion "1"]
[SourceVersionDate "2018.07.29"]
[SourceQuality "1"]
[WhiteTeam "Belgium"]
[BlackTeam "Sweden"]
[WhiteTeamCountry "BEL"]
[BlackTeamCountry "SWE"]

1. e4 c5 2. Nf3 d6 3. d4 cxd4 4. Nxd4 Nf6 5. Nc3 a6 6. Bg5 Nbd7 7. Bc4 Qa5 8. Qd2 e6 9. f3 b5 10. Bb3 Bb7 11. 0-0 Be7 12. Be3 Nc5 13. a3 Nxb3 14. Nxb3 Qc7 15. Qf2 Nd7 16. Bd4 0-0 17. Qg3 e5 18. Be3 Kh8 19. Qf2 f5 20. exf5 d5 21. Rfd1 d4 22. Bxd4 exd4 23. Nxd4 Bc5 24. Ne4 Bxe4 25. fxe4 Rae8 0-1

[Event "WchT Seniors 65"]
[Site "Dresden"]
[Date "2018.07.13"]
[Round "7.7"]
[White "Hammar, Bengt Erik"]
[Black "Weiss, Werner"]
[Result "1-0"]
[WhiteElo "2159"]
[BlackElo "2116"]
[PlyCount "64"]
[EventDate "2018.07.07"]
[EventType "team-swiss"]
[EventRounds "9"]
[EventCountry "GER"]
[SourceTitle "CBM 185 Extra"]
[Source "ChessBase"]
[SourceDate "2018.07.29"]
[SourceVersion "1"]
[SourceVersionDate "2018.07.29"]
[SourceQuality "1"]
[WhiteTeam "Sweden"]
[BlackTeam "Greiz/Vogtland"]
[WhiteTeamCountry "SWE"]
[BlackTeamCountry "GER"]

1. d4 d6 2. Nf3 Bf5 3. g3 Nd7 4. Bg2 c6 5. 0-0 Ngf6 6. c4 e5 7. Nc3 h6 8. d5 c5 9. Nh4 Bh7 10. e4 Be7 11. Nf5 Bxf5 12. exf5 0-0 13. a3 a6 14. Qe2 Re8 15. Ne4 Nxe4 16. Bxe4 Nf6 17. b4 cxb4 18. axb4 Rc8 19. Bd2 Nxe4 20. Qxe4 Bg5 21. Bxg5 Qxg5 22. Rfd1 g6 23. fxg6 f5 24. Qe2 f4 25. Qe4 b5 26. c5 dxc5 27. d6 Rf8 28. d7 Rcd8 29. bxc5 Qg4 30. c6 Qh3 31. Qd5+ Kg7 32. Qxe5+ Rf6 1-0

[Event "EU-chT Seniors 65"]
[Site "Walbrzych"]
[Date "2018.04.19"]
[Round "6.3"]
[White "Hammar, Bengt Erik"]
[Black "Kierzek, Matthias"]
[Result "1/2-1/2"]
[WhiteElo "2133"]
[BlackElo "2272"]
[PlyCount "42"]
[EventDate "2018.04.14"]
[EventType "team-swiss"]
[EventRounds "9"]
[EventCountry "POL"]
[SourceTitle "CBM 184 Extra"]
[Source "ChessBase"]
[SourceDate "2018.06.28"]
[SourceVersion "1"]
[SourceVersionDate "2018.06.28"]
[SourceQuality "1"]
[WhiteTeam "Sweden 65"]
[BlackTeam "Germany 65"]
[WhiteTeamCountry "SWE"]
[BlackTeamCountry "GER"]

1. e4 c6 2. d4 d5 3. Nc3 dxe4 4. Nxe4 Bf5 5. Ng3 Bg6 6. N1e2 e6 7. Nf4 Bd6 8. c3 Nf6 9. h4 Bxf4 10. Bxf4 h6 11. h5 Bh7 12. Qb3 Qe7 13. Be2 a5 14. c4 a4 15. Qc3 Nbd7 16. 0-0 0-0 17. Rfe1 Rfe8 18. Bf3 Qd8 19. Rad1 Qb6 20. Re2 Qa5 21. Qxa5 Rxa5 1/2-1/2

[Event "EU-chT Seniors 65"]
[Site "Walbrzych"]
[Date "2018.04.16"]
[Round "3.3"]
[White "Hammar, Bengt Erik"]
[Black "White, Alastair F"]
[Result "0-1"]
[WhiteElo "2133"]
[BlackElo "2069"]
[PlyCount "48"]
[EventDate "2018.04.14"]
[EventType "team-swiss"]
[EventRounds "9"]
[EventCountry "POL"]
[SourceTitle "CBM 184 Extra"]
[Source "ChessBase"]
[SourceDate "2018.06.28"]
[SourceVersion "1"]
[SourceVersionDate "2018.06.28"]
[SourceQuality "1"]
[WhiteTeam "Sweden 65"]
[BlackTeam "Scotland 65"]
[WhiteTeamCountry "SWE"]
[BlackTeamCountry "SCO"]

1. e4 d6 2. d4 Nf6 3. Nc3 g6 4. f4 Bg7 5. Nf3 0-0 6. Bd3 Nc6 7. e5 dxe5 8. fxe5 Nh5 9. Bc4 Bg4 10. Be3 Na5 11. Be2 c5 12. d5 Bxf3 13. Bxf3 Nc4 14. Bxc5 Rc8 15. Bd4 Nxb2 16. Qc1 Nc4 17. Bxh5 gxh5 18. Qg5 Nxe5 19. Bxe5 f6 20. Qd2 fxe5 21. Rb1 Qa5 22. Rb3 e4 23. Nxe4 Qxa2 24. Kd1 Qa1+ 0-1

[Event "Wch Seniors 65 27th"]
[Site "Acqui Terme"]
[Date "2017.11.08"]
[Round "2"]
[White "Hammar, Bengt Erik"]
[Black "Jansa, Vlastimil"]
[Result "0-1"]
[WhiteElo "2142"]
[BlackElo "2425"]
[PlyCount "108"]
[EventDate "2017.11.07"]
[EventType "swiss"]
[EventRounds "11"]
[EventCountry "ITA"]
[SourceTitle "CBM 181 Extra"]
[Source "ChessBase"]
[SourceDate "2017.12.12"]
[SourceVersion "1"]
[SourceVersionDate "2017.12.12"]
[SourceQuality "1"]

1. e4 c5 2. Nf3 e6 3. d4 cxd4 4. Nxd4 Nc6 5. Nc3 d6 6. Be2 Nf6 7. 0-0 Be7 8. Be3 0-0 9. f4 a6 10. Qe1 Nxd4 11. Bxd4 b5 12. a3 Bb7 13. Qg3 g6 14. Bd3 Rc8 15. Rae1 Nd7 16. Qh3 e5 17. Be3 exf4 18. Bxf4 Ne5 19. Kh1 Bg5 20. Qe3 Bxf4 21. Qxf4 Kg7 22. Re3 h6 23. Rh3 Qg5 24. Qf2 Rc5 25. Rg3 Qe7 26. Qd4 Kh7 27. Ne2 Nxd3 28. cxd3 f5 29. Rgf3 Rcc8 30. Ng3 fxe4 31. Rxf8 Rxf8 32. Rxf8 Qxf8 33. Qa7 Qc8 34. Nxe4 Qc1+ 35. Qg1 Qxb2 36. Nxd6 Bd5 37. h3 Qg7 38. Qc5 Qa1+ 39. Kh2 Qe5+ 40. Kg1 Qe1+ 41. Kh2 Qe5+ 42. Kg1 g5 43. Ne4 Kg6 44. Qb6+ Qe6 45. Qd4 Qc6 46. Kh2 Bxe4 47. dxe4 Kf7 48. Qa7+ Kf6 49. Qh7 Qd6+ 50. Kg1 Ke5 51. Qf5+ Kd4 52. Kf2 Qf4+ 53. Qxf4 gxf4 54. Kf3 Ke5 0-1